000 00715nam a22001935i 4500
001 162422
003 ES-MaACL
005 20230906212524.0
008 041115s1866 fr af |||| | fre d
040 _aCAM
_bspa
_cCAM
100 1 _aPonson du Terrail, Pierre Alexis de.
_993038
245 1 3 _aLa Mère Michel /
_cpar Ponson du Terrail.
260 _aParis :
_bLibrairie de L. Hachette et C.,
_c1866 (
_fImprimerie Générale de Ch. Lahure)
300 _a330, [2] p., [32] h. lám. ;
_c19 cm.
490 1 _aLes contes du Drapeau. Seconde série
830 0 _aLes contes du Drapeau. Seconde série
_9222195
852 _aES-MaACL
_jF-9071
_z-- Enc. hol.
_z-- Legado Gustavo Sáenz Díez
999 _c162422
_d162422